[Event "Campeonato España Sub 18"]
[Site "Salobreña"]
[Date "2017.07.31"]
[Round "1"]
[White "Lagos Lejarraga, Jon"]
[Black "Roldan Marques, Daniel"]
[Result "1/2-1/2"]
[Board "9"]
[WhiteClock "1:30"]
[WhiteElo "1987"]
[WhiteCountry "ESP"]
[WhiteFideId "32065124"]
[WhiteEloChange "7"]
[BlackClock "1:30"]
[BlackTitle "FM"]
[BlackElo "2300"]
[BlackCountry "ESP"]
[BlackFideId "32063318"]
[BlackEloChange "-7"]

1. e4 {[%clk 1:30:00]} e6 {[%clk 1:30:00]} 2. d4 {[%clk 1:31:00]} d5 {[%clk
1:31:00]} 3. Nc3 {[%clk 1:31:00]} Nf6 {[%clk 1:31:00]} 4. e5 {[%clk 1:31:00]}
Nfd7 {[%clk 1:31:00]} 5. f4 {[%clk 1:29:00]} c5 {[%clk 1:32:00]} 6. Nf3 {[%clk
1:29:00]} Nc6 {[%clk 1:32:00]} 7. Be3 {[%clk 1:28:00]} cxd4 {[%clk 1:31:00]} 8.
Nxd4 {[%clk 1:25:00]} Bc5 {[%clk 1:31:00]} 9. Qd2 {[%clk 1:25:00]} O-O {[%clk
1:31:00]} 10. O-O-O {[%clk 1:22:00]} a6 {[%clk 1:31:00]} 11. h4 {[%clk 1:21:00]}
Nxd4 {[%clk 1:31:00]} 12. Bxd4 {[%clk 1:22:00]} b5 {[%clk 1:31:00]} 13. Rh3
{[%clk 1:20:00]} b4 {[%clk 1:28:00]} 14. Ne2 {[%clk 1:17:00]} a5 {[%clk 1:26:00]}
15. Ng3 {[%clk 1:03:00]} Qc7 {[%clk 1:18:00]} 16. Nh5 {[%clk 0:56:00]} Bxd4
{[%clk 1:12:00]} 17. Qxd4 {[%clk 0:56:00]} f5 {[%clk 1:12:00]} 18. exf6 {[%clk
0:45:00]} Nxf6 {[%clk 1:12:00]} 19. Nxf6+ {[%clk 0:42:00]} Rxf6 {[%clk 1:11:00]}
20. Rf3 {[%clk 0:41:00]} Bb7 {[%clk 1:09:00]} 21. Be2 {[%clk 0:35:00]} Rc8 {[%clk
1:01:00]} 22. Bd3 {[%clk 0:35:00]} Qd6 {[%clk 0:53:00]} 23. g3 {[%clk 0:32:00]}
a4 {[%clk 0:44:00]} 24. Kb1 {[%clk 0:31:00]} Ba6 {[%clk 0:31:00]} 25. Re3 {[%clk
0:25:00]} Bxd3 {[%clk 0:29:00]} 26. Qxd3 {[%clk 0:25:00]} Qc5 {[%clk 0:28:00]}
27. Re2 {[%clk 0:23:00]} Rc6 {[%clk 0:27:00]} 28. Qd4 {[%clk 0:23:00]} Qb5 {[%clk
0:27:00]} 29. Re3 {[%clk 0:20:00]} h6 {[%clk 0:25:00]} 30. Qd3 {[%clk 0:18:30]}
Qc5 {[%clk 0:25:00]} 31. Re5 {[%clk 0:18:29]} Qf2 {[%clk 0:24:00]} 32. Re2 {[%clk
0:15:17]} Qc5 {[%clk 0:24:00]} 33. Re5 {[%clk 0:15:38]} Qf2 {[%clk 0:21:00]} 34.
Rd2 {[%clk 0:15:24]} Qg1+ {[%clk 0:20:00]} 35. Rd1 {[%clk 0:15:50]} Qf2 {[%clk
0:19:44]} 36. Rd2 {[%clk 0:13:08]} Qg1+ {[%clk 0:20:00]} 37. Rd1 {[%clk 0:13:36]}
Qf2 {[%clk 0:20:00]} 38. h5 {[%clk 0:13:36]} 1/2-1/2

[Event "Campeonato España Sub 18"]
[Site "Salobreña"]
[Date "2017.07.31"]
[Round "1"]
[White "Bayo Milagro, Alvaro"]
[Black "Ereza Vizcarra, Fernando"]
[Result "0-1"]
[Board "10"]
[WhiteClock "n/a"]
[WhiteTitle "FM"]
[WhiteElo "2288"]
[WhiteCountry "ESP"]
[WhiteFideId "22275240"]
[WhiteEloChange "-17"]
[BlackClock "n/a"]
[BlackElo "1987"]
[BlackCountry "ESP"]
[BlackFideId "22268987"]
[BlackEloChange "17"]

1. e4 {[%clk 1:30:30]} c5 {[%clk 1:30:30]} 2. Nf3 {[%clk 1:30:30]} g6 {[%clk
1:30:30]} 3. c3 {[%clk 1:30:30]} Bg7 {[%clk 1:30:30]} 4. d4 {[%clk 1:30:30]} cxd4
{[%clk 1:30:30]} 5. cxd4 {[%clk 1:30:30]} d5 {[%clk 1:30:30]} 6. e5 {[%clk
1:30:30]} Nh6 {[%clk 1:30:30]} 7. Nc3 {[%clk 1:30:30]} O-O {[%clk 1:30:30]} 8.
Qb3 {[%clk 1:30:30]} Nc6 {[%clk 1:30:30]} 9. Bf4 {[%clk 1:30:30]} Bg4 {[%clk
1:30:30]} 10. Qxb7 {[%clk 1:30:30]} Rc8 {[%clk 1:30:30]} 11. Bxh6 {[%clk
1:30:30]} Bxh6 {[%clk 1:30:30]} 12. Rd1 {[%clk 1:30:30]} Bxf3 {[%clk 1:30:30]}
13. gxf3 {[%clk 1:30:30]} e6 {[%clk 1:30:30]} 14. Bb5 {[%clk 1:30:30]} Rc7 {[%clk
1:30:30]} 15. Qa6 {[%clk 1:30:30]} Ne7 {[%clk 1:30:30]} 16. h4 {[%clk 1:30:30]}
Nf5 {[%clk 1:30:30]} 17. h5 {[%clk 1:30:30]} Qg5 {[%clk 1:30:30]} 18. hxg6 {[%clk
1:30:30]} hxg6 {[%clk 1:30:30]} 19. Ke2 {[%clk 1:30:30]} Ng3+ {[%clk 1:30:30]}
20. fxg3 {[%clk 1:30:30]} Qe3+ {[%clk 1:30:30]} 21. Kf1 {[%clk 1:30:30]} Qxf3+
{[%clk 1:30:30]} 22. Ke1 {[%clk 1:30:30]} Qxh1+ {[%clk 1:30:30]} 23. Bf1 {[%clk
1:30:30]} Qf3 {[%clk 1:30:30]} 24. Qe2 {[%clk 1:30:30]} Qxg3+ {[%clk 1:30:30]}
25. Qf2 {[%clk 1:30:30]} Qxf2+ {[%clk 1:30:30]} 26. Kxf2 {[%clk 1:30:30]} Rb8
{[%clk 1:30:30]} 27. Na4 {[%clk 1:30:30]} Rc2+ {[%clk 1:30:30]} 28. Kf3 {[%clk
1:30:30]} Rb4 {[%clk 1:30:30]} 29. Bd3 {[%clk 1:30:30]} Rd2 {[%clk 1:30:30]} 30.
Rxd2 {[%clk 1:30:30]} Bxd2 {[%clk 1:30:30]} 31. Nc5 {[%clk 1:30:30]} Rxb2 {[%clk
1:30:30]} 32. a3 {[%clk 1:30:30]} Ra2 {[%clk 1:30:30]} 33. a4 {[%clk 1:30:30]}
Bb4 {[%clk 1:30:30]} 34. Bb5 {[%clk 1:30:30]} Ra3+ {[%clk 1:30:30]} 35. Ke2
{[%clk 1:30:30]} Kf8 {[%clk 1:30:30]} 36. Nd7+ {[%clk 1:30:30]} Ke7 {[%clk
1:30:30]} 37. Nb8 {[%clk 1:30:30]} a5 {[%clk 1:30:30]} 38. Nc6+ {[%clk 1:30:30]}
Kf8 {[%clk 1:30:30]} 39. Nd8 {[%clk 1:30:30]} g5 {[%clk 1:30:30]} 40. Nc6 {[%clk
1:30:30]} g4 {[%clk 1:30:30]} 41. Kf2 {[%clk 1:30:30]} g3+ {[%clk 1:30:30]} 42.
Kg2 {[%clk 1:30:30]} Be1 {[%clk 1:30:30]} 43. Kf1 {[%clk 1:30:30]} Ra2 {[%clk
1:30:30]} 0-1

[Event "Campeonato España Sub 18"]
[Site "Salobreña"]
[Date "2017.07.31"]
[Round "1"]
[White "Jimenez Ramallo, Francisco J"]
[Black "Domingo Nunez, Alejandro"]
[Result "0-1"]
[Board "11"]
[WhiteClock "1:30"]
[WhiteElo "1984"]
[WhiteCountry "ESP"]
[WhiteFideId "32020384"]
[WhiteEloChange "-3"]
[BlackClock "1:30"]
[BlackTitle "FM"]
[BlackElo "2287"]
[BlackCountry "ESP"]
[BlackFideId "22245561"]
[BlackEloChange "3"]

1. c4 {[%clk 1:30:00]} e5 {[%clk 1:30:00]} 2. Nc3 {[%clk 1:31:00]} g6 {[%clk
1:30:00]} 3. g3 {[%clk 1:31:00]} Bg7 {[%clk 1:31:00]} 4. Bg2 {[%clk 1:32:00]} d6
{[%clk 1:31:00]} 5. Nf3 {[%clk 1:32:00]} f5 {[%clk 1:32:00]} 6. d4 {[%clk
1:28:00]} e4 {[%clk 1:32:00]} 7. Ng5 {[%clk 1:28:00]} h6 {[%clk 1:33:00]} 8. Nh3
{[%clk 1:28:00]} Nf6 {[%clk 1:33:00]} 9. O-O {[%clk 1:20:00]} O-O {[%clk
1:34:00]} 10. f3 {[%clk 1:20:00]} c6 {[%clk 1:34:00]} 11. Qb3 {[%clk 1:11:00]} g5
{[%clk 1:25:00]} 12. fxe4 {[%clk 1:09:00]} Nxe4 {[%clk 1:25:00]} 13. Nxe4 {[%clk
1:07:00]} fxe4 {[%clk 1:25:00]} 14. Rxf8+ {[%clk 1:07:00]} Qxf8 {[%clk 1:25:00]}
15. Be3 {[%clk 1:04:00]} Qe7 {[%clk 1:25:00]} 16. Nf2 {[%clk 0:59:00]} Bf5 {[%clk
1:24:00]} 17. g4 {[%clk 0:58:00]} Bg6 {[%clk 1:21:00]} 18. Nh1 {[%clk 0:56:00]}
Na6 {[%clk 1:11:00]} 19. Rf1 {[%clk 0:53:00]} Rf8 {[%clk 0:53:00]} 20. Rxf8+
{[%clk 0:51:00]} Kxf8 {[%clk 0:53:00]} 21. Ng3 {[%clk 0:50:00]} Qd7 {[%clk
0:54:00]} 22. d5 {[%clk 0:46:00]} c5 {[%clk 0:33:00]} 23. h3 {[%clk 0:38:00]} Qe7
{[%clk 0:33:00]} 24. Bf2 {[%clk 0:34:00]} e3 {[%clk 0:23:00]} 25. Qxe3 {[%clk
0:31:00]} Qxe3 {[%clk 0:23:00]} 26. Bxe3 {[%clk 0:31:00]} Bxb2 {[%clk 0:24:00]}
27. Ne4 {[%clk 0:31:00]} Ke7 {[%clk 0:21:00]} 28. h4 {[%clk 0:29:00]} Bxe4 {[%clk
0:21:00]} 29. Bxe4 {[%clk 0:30:00]} Bd4 {[%clk 0:17:12]} 30. Bxd4 {[%clk
0:30:00]} cxd4 {[%clk 0:17:41]} 31. hxg5 {[%clk 0:28:00]} hxg5 {[%clk 0:18:04]}
32. Kf2 {[%clk 0:27:00]} Kf6 {[%clk 0:18:21]} 33. Ke1 {[%clk 0:24:00]} Ke5 {[%clk
0:18:37]} 34. Bf5 {[%clk 0:24:00]} Nc5 {[%clk 0:15:17]} 35. Kd2 {[%clk 0:24:00]}
Kf4 {[%clk 0:10:57]} 36. Bc8 {[%clk 0:24:00]} b6 {[%clk 0:11:12]} 37. Bf5 {[%clk
0:24:00]} Ne4+ {[%clk 0:09:32]} 38. Kd3 {[%clk 0:23:00]} Nf2+ {[%clk 0:06:54]}
39. Kxd4 {[%clk 0:23:00]} Nxg4 {[%clk 0:07:23]} 40. Bxg4 {[%clk 0:15:19]} Kxg4
{[%clk 0:07:51]} 41. Ke4 {[%clk 0:16:07]} Kh3 {[%clk 0:08:01]} 42. Kf5 {[%clk
0:14:38]} g4 {[%clk 0:08:29]} 43. Ke6 {[%clk 0:14:17]} g3 {[%clk 0:08:55]} 44.
Kxd6 {[%clk 0:14:42]} g2 {[%clk 0:09:21]} 45. e4 {[%clk 0:14:24]} g1Q {[%clk
0:07:05]} 46. e5 {[%clk 0:15:16]} Qc5+ {[%clk 0:07:05]} 47. Kd7 {[%clk 0:15:16]}
Qxc4 {[%clk 0:07:05]} 48. d6 {[%clk 0:15:16]} Qf7+ {[%clk 0:07:05]} 49. Kc8
{[%clk 0:15:16]} Qe8+ {[%clk 0:07:05]} 0-1

[Event "Campeonato España Sub 18"]
[Site "Salobreña"]
[Date "2017.07.31"]
[Round "1"]
[White "Domingo Nunez, Ruben"]
[Black "Guerrero Mendez, Luis"]
[Result "1/2-1/2"]
[Board "12"]
[WhiteClock "1:30"]
[WhiteTitle "FM"]
[WhiteElo "2283"]
[WhiteCountry "ESP"]
[WhiteFideId "22245570"]
[WhiteEloChange "-7"]
[BlackClock "1:30"]
[BlackElo "1980"]
[BlackCountry "ESP"]
[BlackFideId "22284192"]
[BlackEloChange "7"]

1. e4 {[%clk 1:30:00]} c5 {[%clk 1:30:00]} 2. Nf3 {[%clk 1:31:00]} a6 {[%clk
1:31:00]} 3. c3 {[%clk 1:31:00]} g6 {[%clk 1:30:00]} 4. h3 {[%clk 1:29:00]} Bg7
{[%clk 1:28:00]} 5. d4 {[%clk 1:26:00]} cxd4 {[%clk 1:28:00]} 6. cxd4 {[%clk
1:27:00]} d5 {[%clk 1:25:00]} 7. e5 {[%clk 1:16:00]} Nc6 {[%clk 1:20:00]} 8. Nc3
{[%clk 1:12:00]} e6 {[%clk 1:03:00]} 9. Be2 {[%clk 1:09:00]} Nge7 {[%clk
1:02:00]} 10. O-O {[%clk 1:02:00]} Bd7 {[%clk 0:54:00]} 11. b3 {[%clk 0:57:00]}
Rc8 {[%clk 0:50:00]} 12. Bb2 {[%clk 0:53:00]} Nf5 {[%clk 0:44:00]} 13. Na4 {[%clk
0:50:00]} h5 {[%clk 0:40:00]} 14. Bd3 {[%clk 0:43:00]} Nh4 {[%clk 0:34:00]} 15.
Ne1 {[%clk 0:34:00]} Nb4 {[%clk 0:29:00]} 16. Be2 {[%clk 0:32:00]} Bxa4 {[%clk
0:27:00]} 17. bxa4 {[%clk 0:31:00]} Nc6 {[%clk 0:25:00]} 18. Rb1 {[%clk 0:28:00]}
Qd7 {[%clk 0:24:00]} 19. Bd3 {[%clk 0:21:00]} Bf8 {[%clk 0:17:41]} 20. g3 {[%clk
0:19:15]} Nf5 {[%clk 0:18:06]} 21. Bxf5 {[%clk 0:19:43]} exf5 {[%clk 0:16:21]}
22. h4 {[%clk 0:18:31]} Be7 {[%clk 0:16:09]} 23. Ng2 {[%clk 0:16:33]} Nd8 {[%clk
0:14:01]} 24. Qb3 {[%clk 0:14:47]} Ne6 {[%clk 0:10:42]} 25. Ne3 {[%clk 0:12:24]}
Rd8 {[%clk 0:11:00]} 26. f4 {[%clk 0:12:17]} b5 {[%clk 0:10:09]} 27. axb5 {[%clk
0:11:19]} axb5 {[%clk 0:10:37]} 28. Bc3 {[%clk 0:10:16]} b4 {[%clk 0:09:38]} 29.
Bxb4 {[%clk 0:10:02]} Nxd4 {[%clk 0:08:48]} 30. Qd3 {[%clk 0:10:30]} Nc6 {[%clk
0:06:51]} 31. Bxe7 {[%clk 0:09:58]} Nxe7 {[%clk 0:05:00]} 32. Qa6 {[%clk
0:05:59]} O-O {[%clk 0:04:15]} 33. Rb7 {[%clk 0:05:02]} Qc8 {[%clk 0:02:15]} 34.
Qa7 {[%clk 0:02:45]} Nc6 {[%clk 0:02:00]} 35. Qb6 {[%clk 0:03:03]} Qe6 {[%clk
0:01:29]} 36. Rc1 {[%clk 0:02:30]} Rc8 {[%clk 0:01:32]} 37. Rc7 {[%clk 0:01:36]}
Rxc7 {[%clk 0:01:00]} 38. Qxc7 {[%clk 0:02:04]} Rc8 {[%clk 0:01:13]} 39. Qb7
{[%clk 0:01:32]} d4 {[%clk 0:00:44]} 40. Nd5 {[%clk 0:01:05]} Kg7 {[%clk
0:01:00]} 41. Nc7 {[%clk 0:01:03]} Rxc7 {[%clk 0:00:41]} 42. Qxc7 {[%clk
0:01:32]} Nb4 {[%clk 0:00:46]} 43. Qc4 {[%clk 0:01:02]} Nxa2 {[%clk 0:00:44]} 44.
Qxe6 {[%clk 0:01:17]} fxe6 {[%clk 0:01:12]} 45. Rc7+ {[%clk 0:01:03]} Kf8 {[%clk
0:01:31]} 46. Kf2 {[%clk 0:01:09]} Nc3 {[%clk 0:01:36]} 47. Rd7 {[%clk 0:01:10]}
Nd5 {[%clk 0:01:10]} 48. Ke2 {[%clk 0:00:54]} Nc3+ {[%clk 0:01:09]} 49. Kf3
{[%clk 0:00:34]} Nd5 {[%clk 0:01:34]} 50. Kf2 {[%clk 0:00:39]} d3 {[%clk
0:01:31]} 51. Ke1 {[%clk 0:00:54]} Ke8 {[%clk 0:00:57]} 52. Rd6 {[%clk 0:00:37]}
Ke7 {[%clk 0:00:46]} 53. Kd2 {[%clk 0:00:44]} Nf6 {[%clk 0:00:40]} 54. Rxd3
{[%clk 0:00:40]} Ne4+ {[%clk 0:00:54]} 55. Ke2 {[%clk 0:01:00]} Nc5 {[%clk
0:01:14]} 56. Ra3 {[%clk 0:01:24]} Ne4 {[%clk 0:01:34]} 57. Ra7+ {[%clk 0:01:35]}
Kf8 {[%clk 0:01:49]} 58. Kf3 {[%clk 0:01:51]} Nd2+ {[%clk 0:02:11]} 59. Ke3
{[%clk 0:01:11]} Ne4 {[%clk 0:02:29]} 60. Ra2 {[%clk 0:00:37]} Kf7 {[%clk
0:02:29]} 61. Kd4 {[%clk 0:00:37]} Nxg3 {[%clk 0:02:19]} 62. Kc5 {[%clk 0:01:04]}
Ne4+ {[%clk 0:02:15]} 63. Kc6 {[%clk 0:01:33]} Nc3 {[%clk 0:02:26]} 64. Ra7+
{[%clk 0:01:41]} Ke8 {[%clk 0:01:19]} 65. Rg7 {[%clk 0:00:45]} Nd5 {[%clk
0:01:30]} 66. Kd6 {[%clk 0:00:50]} Nxf4 {[%clk 0:01:30]} 67. Rg8+ {[%clk
0:01:02]} Kf7 {[%clk 0:01:45]} 68. Rc8 {[%clk 0:01:21]} g5 {[%clk 0:00:58]} 69.
hxg5 {[%clk 0:01:32]} Kg6 {[%clk 0:00:36]} 70. Rg8+ {[%clk 0:01:32]} 1/2-1/2

[Event "Campeonato España Sub 18"]
[Site "Salobreña"]
[Date "2017.07.31"]
[Round "1"]
[White "Represa Perez, Mireya"]
[Black "Nieves Cabanes, Jose Manuel"]
[Result "1/2-1/2"]
[Board "13"]
[WhiteClock "1:30"]
[WhiteTitle "WFM"]
[WhiteElo "1974"]
[WhiteCountry "ESP"]
[WhiteFideId "32010036"]
[WhiteEloChange "7"]
[BlackClock "1:30"]
[BlackTitle "FM"]
[BlackElo "2277"]
[BlackCountry "ESP"]
[BlackFideId "22245715"]
[BlackEloChange "-7"]

1. e4 {[%clk 1:30:00]} c6 {[%clk 1:30:00]} 2. Nc3 {[%clk 1:31:00]} d5 {[%clk
1:31:00]} 3. Nf3 {[%clk 1:31:00]} Nf6 {[%clk 1:31:00]} 4. e5 {[%clk 1:30:00]} Ne4
{[%clk 1:31:00]} 5. d3 {[%clk 1:23:00]} Nxc3 {[%clk 1:29:00]} 6. bxc3 {[%clk
1:23:00]} e6 {[%clk 1:24:00]} 7. d4 {[%clk 1:21:00]} b6 {[%clk 1:22:00]} 8. Bd3
{[%clk 1:20:00]} Be7 {[%clk 1:21:00]} 9. O-O {[%clk 1:19:00]} Ba6 {[%clk
1:19:00]} 10. Re1 {[%clk 1:17:00]} c5 {[%clk 1:17:00]} 11. Bf4 {[%clk 1:12:00]}
O-O {[%clk 1:13:00]} 12. Qd2 {[%clk 1:07:00]} cxd4 {[%clk 1:08:00]} 13. cxd4
{[%clk 1:05:00]} Bxd3 {[%clk 1:07:00]} 14. Qxd3 {[%clk 1:04:00]} Nc6 {[%clk
1:07:00]} 15. c3 {[%clk 1:02:00]} Na5 {[%clk 1:06:00]} 16. Nd2 {[%clk 1:02:00]}
Rc8 {[%clk 1:05:00]} 17. Re3 {[%clk 0:59:00]} g6 {[%clk 0:54:00]} 18. Bh6 {[%clk
0:52:00]} Re8 {[%clk 0:54:00]} 19. Rh3 {[%clk 0:52:00]} Nc4 {[%clk 0:49:00]} 20.
Nxc4 {[%clk 0:34:00]} Rxc4 {[%clk 0:49:00]} 21. Qd2 {[%clk 0:34:00]} b5 {[%clk
0:44:00]} 22. Qf4 {[%clk 0:31:00]} Qc7 {[%clk 0:33:00]} 23. Rc1 {[%clk 0:20:00]}
b4 {[%clk 0:25:00]} 24. cxb4 {[%clk 0:16:35]} Rxc1+ {[%clk 0:25:00]} 25. Qxc1
{[%clk 0:16:58]} Qxc1+ {[%clk 0:25:00]} 26. Bxc1 {[%clk 0:17:21]} Rc8 {[%clk
0:25:00]} 27. Bh6 {[%clk 0:13:42]} Bxb4 {[%clk 0:22:00]} 28. Rb3 {[%clk 0:10:58]}
Ba5 {[%clk 0:19:38]} 29. Rb7 {[%clk 0:09:29]} Bb6 {[%clk 0:19:56]} 30. Kf1 {[%clk
0:07:57]} Bxd4 {[%clk 0:20:00]} 31. f4 {[%clk 0:07:50]} a5 {[%clk 0:15:09]} 32.
Ke2 {[%clk 0:04:42]} Bc5 {[%clk 0:11:51]} 33. Kd3 {[%clk 0:04:00]} Bf8 {[%clk
0:09:50]} 34. Bg5 {[%clk 0:04:18]} h6 {[%clk 0:08:33]} 35. Bf6 {[%clk 0:04:28]}
Bb4 {[%clk 0:07:03]} 36. g3 {[%clk 0:03:57]} Rc3+ {[%clk 0:07:03]} 37. Kd4 {[%clk
0:02:56]} g5 {[%clk 0:05:45]} 38. Rb8+ {[%clk 0:02:38]} Kh7 {[%clk 0:06:11]} 39.
g4 {[%clk 0:02:31]} Rc4+ {[%clk 0:05:01]} 40. Kd3 {[%clk 0:02:50]} Rxf4 {[%clk
0:04:03]} 41. Rh8+ {[%clk 0:02:50]} 1/2-1/2

[Event "Campeonato España Sub 18"]
[Site "Salobreña"]
[Date "2017.07.31"]
[Round "1"]
[White "Galiana Fernandez, Adrian"]
[Black "Hernandez Torralba, Jose Joaquin"]
[Result "1-0"]
[Board "14"]
[WhiteClock "1:30"]
[WhiteElo "2274"]
[WhiteCountry "ESP"]
[WhiteFideId "32010150"]
[WhiteEloChange "3"]
[BlackClock "1:30"]
[BlackElo "1970"]
[BlackCountry "ESP"]
[BlackFideId "32030770"]
[BlackEloChange "-3"]

1. e4 {[%clk 1:30:00]} c5 {[%clk 1:30:00]} 2. c3 {[%clk 1:31:00]} d5 {[%clk
1:30:00]} 3. exd5 {[%clk 1:31:00]} Qxd5 {[%clk 1:31:00]} 4. d4 {[%clk 1:32:00]}
Nc6 {[%clk 1:31:00]} 5. Nf3 {[%clk 1:32:00]} Bg4 {[%clk 1:30:00]} 6. Be2 {[%clk
1:32:00]} cxd4 {[%clk 1:30:00]} 7. cxd4 {[%clk 1:33:00]} Nf6 {[%clk 1:29:00]} 8.
h3 {[%clk 1:22:00]} Bh5 {[%clk 1:26:00]} 9. Nc3 {[%clk 1:21:00]} Qa5 {[%clk
1:21:00]} 10. Qb3 {[%clk 1:03:00]} Qb4 {[%clk 1:13:00]} 11. g4 {[%clk 1:00:00]}
Bg6 {[%clk 1:11:00]} 12. Bb5 {[%clk 0:53:00]} e6 {[%clk 1:06:00]} 13. Ne5 {[%clk
0:46:00]} Be4 {[%clk 1:00:00]} 14. O-O {[%clk 0:46:00]} Qxd4 {[%clk 0:57:00]} 15.
Bxc6+ {[%clk 0:44:00]} Bxc6 {[%clk 0:53:00]} 16. Nxc6 {[%clk 0:44:00]} bxc6
{[%clk 0:53:00]} 17. Qb7 {[%clk 0:44:00]} Rd8 {[%clk 0:51:00]} 18. Rd1 {[%clk
0:42:00]} Qb6 {[%clk 0:49:00]} 19. Rxd8+ {[%clk 0:43:00]} Qxd8 {[%clk 0:40:00]}
20. Bf4 {[%clk 0:39:00]} Qd7 {[%clk 0:33:00]} 21. Qa8+ {[%clk 0:34:00]} Ke7
{[%clk 0:32:00]} 22. Rd1 {[%clk 0:34:00]} Nd5 {[%clk 0:32:00]} 23. Nxd5+ {[%clk
0:28:00]} cxd5 {[%clk 0:30:00]} 24. Rc1 {[%clk 0:28:00]} Kf6 {[%clk 0:31:00]} 25.
Rc7 {[%clk 0:29:00]} Bd6 {[%clk 0:28:00]} 26. Rxd7 {[%clk 0:29:00]} Rxa8 {[%clk
0:29:00]} 27. Bxd6 {[%clk 0:29:00]} e5 {[%clk 0:27:00]} 28. Bc5 {[%clk 0:26:00]}
d4 {[%clk 0:27:00]} 29. Rd6+ {[%clk 0:23:00]} Kg5 {[%clk 0:27:00]} 30. Rd5 {[%clk
0:23:00]} Kf4 {[%clk 0:25:00]} 31. Bd6 {[%clk 0:24:00]} Ke4 {[%clk 0:25:00]} 32.
Rxe5+ {[%clk 0:24:00]} Kd3 {[%clk 0:26:00]} 33. Kf1 {[%clk 0:19:39]} Rd8 {[%clk
0:22:00]} 34. Bb4 {[%clk 0:19:58]} Rc8 {[%clk 0:17:08]} 35. Rc5 {[%clk 0:20:00]}
Re8 {[%clk 0:17:11]} 36. Rc1 {[%clk 0:20:00]} Rb8 {[%clk 0:17:07]} 37. a3 {[%clk
0:20:00]} a5 {[%clk 0:17:18]} 38. Bxa5 {[%clk 0:20:00]} Rxb2 {[%clk 0:17:43]} 39.
Rd1+ {[%clk 0:20:00]} Ke4 {[%clk 0:18:04]} 40. Kg2 {[%clk 0:15:50]} f6 {[%clk
0:16:51]} 41. Bb4 {[%clk 0:15:51]} Rc2 {[%clk 0:15:52]} 42. Re1+ {[%clk 0:15:32]}
Kd3 {[%clk 0:15:16]} 43. Re7 {[%clk 0:15:34]} g5 {[%clk 0:14:05]} 44. Rxh7 {[%clk
0:15:51]} Re2 {[%clk 0:14:10]} 45. Re7 {[%clk 0:15:10]} Ra2 {[%clk 0:13:22]} 46.
Re6 {[%clk 0:15:30]} Kc2 {[%clk 0:13:31]} 47. Re2+ {[%clk 0:15:30]} 1-0

[Event "Campeonato España Sub 18"]
[Site "Salobreña"]
[Date "2017.07.31"]
[Round "1"]
[White "Ortin Blanco, Ainhoa"]
[Black "Laiz Ibanez, Hector"]
[Result "1/2-1/2"]
[Board "15"]
[WhiteClock "1:30"]
[WhiteElo "1961"]
[WhiteCountry "ESP"]
[WhiteFideId "32010117"]
[WhiteEloChange "7"]
[BlackClock "1:30"]
[BlackTitle "FM"]
[BlackElo "2269"]
[BlackCountry "ESP"]
[BlackFideId "2216710"]
[BlackEloChange "-7"]

1. d4 {[%clk 1:30:00]} d6 {[%clk 1:30:00]} 2. Nf3 {[%clk 1:30:00]} g6 {[%clk
1:31:00]} 3. c4 {[%clk 1:30:00]} Bg7 {[%clk 1:31:00]} 4. e4 {[%clk 1:30:00]} Bg4
{[%clk 1:25:00]} 5. Be2 {[%clk 1:27:00]} Nc6 {[%clk 1:23:00]} 6. Nbd2 {[%clk
1:22:00]} e5 {[%clk 1:14:00]} 7. d5 {[%clk 1:20:00]} Bxf3 {[%clk 1:13:00]} 8.
Nxf3 {[%clk 1:21:00]} Nd4 {[%clk 1:13:00]} 9. Be3 {[%clk 1:21:00]} Nxf3+ {[%clk
1:06:00]} 10. Bxf3 {[%clk 1:21:00]} Bh6 {[%clk 1:03:00]} 11. Qb3 {[%clk 1:12:00]}
b6 {[%clk 1:02:00]} 12. O-O {[%clk 1:11:00]} f5 {[%clk 0:54:00]} 13. Qb5+ {[%clk
0:57:00]} Qd7 {[%clk 0:52:00]} 14. exf5 {[%clk 0:52:00]} Qxb5 {[%clk 0:51:00]}
15. cxb5 {[%clk 0:52:00]} gxf5 {[%clk 0:51:00]} 16. Bh5+ {[%clk 0:52:00]} Ke7
{[%clk 0:50:00]} 17. Rac1 {[%clk 0:50:00]} Rc8 {[%clk 0:50:00]} 18. Bxh6 {[%clk
0:48:00]} Nxh6 {[%clk 0:50:00]} 19. Rc3 {[%clk 0:48:00]} Rhg8 {[%clk 0:45:00]}
20. Rfc1 {[%clk 0:46:00]} Kd7 {[%clk 0:45:00]} 21. Ra3 {[%clk 0:39:00]} Rg5
{[%clk 0:45:00]} 22. Be2 {[%clk 0:38:00]} Ra8 {[%clk 0:41:00]} 23. Rac3 {[%clk
0:36:00]} Rc8 {[%clk 0:41:00]} 24. Ra3 {[%clk 0:36:00]} Ra8 {[%clk 0:26:00]} 25.
Rac3 {[%clk 0:35:00]} Rc8 {[%clk 0:26:00]} 26. Ra3 {[%clk 0:35:00]} Ra8 {[%clk
0:23:00]} 27. Rac3 {[%clk 0:35:00]} Rc8 {[%clk 0:23:00]} 1/2-1/2